Top 12 des pires plats qu'on avait à la cantine - Statistiques

Statistiques générales
  • Ce quiz a été pris 42 fois
  • Le résultat moyen est 3 sur 12
Statistiques - réponses
TOP Plats % Correct
6 Filet de poisson
69%
3 Épinards à la crème
51%
9 Hachis parmentier de poulet
23%
2 Macédoine de légumes
23%
5 Endives aux jambon
20%
10 Céleri rémoulade
14%
1 Salsifis
14%
4 Beignets de calamar
11%
11 Demi pamplemousse avec du sucre
11%
12 Quenelles au brochet
11%
8 Salade de betteraves
11%
7 Gratin de chou-fleur
9%
Aucun quiz correspondant
Distribution des résultats
% des personnes avec chaque résultat
Percentile par nombre de réponses
Votre historique - résultats
Vous n’avez pas pris ce quiz